000 00962nam a22002897a 4500
003 CHAP
005 20220817044435.0
008 110428s1965 mx a r 00010 spa d
010 _a101071
011 _a102043
035 _a112731
040 _cCHAP
090 _aFolleto 17947
110 2 _aMéxico. Secretaría de Recursos Hidráulicos
_977210
245 1 0 _aDistrito de riego No.51 Costa de Hermosillo
_c/por Secretaría de Recursos Hidráulicos
260 _aHermosillo, Son. :
_bSHR,
_c1965
300 _a26 p. :
_bilus., cuadros, tablas
490 0 _aBoletin informativo
_v; 7
590 _aBATCH-UPD
_b10
_c20130110
_lUCH01
_h1315
590 _aCONVERSION
_b10
_c20130109
_lUCH01
_h1356
650 1 4 _aDistrito de Riego Costa de Hermosillo, Son.
_932864
650 1 4 _aDistritos de riego
_xSonora.
_932985
830 0 _aBoletin informativo
_v; 7
901 _aBK
942 _cFOLL
949 _aFolleto 17947
_bBC
_cFOLL
_d33724002253967
_eTS1
_i112731
_sb
999 _c101071
_d101071